Filosofía del derecho. la justicia. / Tomo II :
Guardado en:
| Autor Principal: | |
|---|---|
| Formato: | Libro |
| Idioma: | Spanish |
| Publicado: |
Buenos Aires :
Lexis Nexis,
2005.
|
| Edición: | 1a. ed. |
| Materias: | |
| Etiquetas: |
Agregar Etiqueta
Sin Etiquetas, Sea el primero en etiquetar este registro!
|
| LEADER | 00503nam a22001575a 4500 | ||
|---|---|---|---|
| 001 | DER.der006311 | ||
| 008 | 180615s2005####ag#||||||||||||||#||spa|| | ||
| 005 | 20241108115226.0 | ||
| 245 | 1 | 0 | |a Filosofía del derecho. |p Tomo II : |b la justicia. / |c Carlos I. Massini Correas. |
| 250 | |a 1a. ed. | ||
| 260 | |a Buenos Aires : |b Lexis Nexis, |c 2005. | ||
| 300 | |a 252 p. | ||
| 020 | |a 9875920290 | ||
| 100 | 1 | |a Massini Correas, Carlos I. | |
| 650 | 7 | |a FILOSOFIA DEL DERECHO | |
| 859 | |a DERECHO |b BIB. DERECHO |h 340.1 |i MAS |p 005630 |3 Tomo II | ||
